000 00768nam a2200241 a 4500
001 58535
003 BD-RJUL
005 20211209080631.0
008 161219s1966 nyua b 000 0 eng
035 _a(BD-RjUL)58659
040 _aDLC
_cDLC
_dDLC
_beng
041 _aeng
082 0 0 _a332.4
_223
_bTHM 1969
100 1 0 _aThorn, Richard S.
_ged.
_9173893
245 1 0 _aMonetary theory and policy :
_bmajor contributions to contemporary thought /
_cedited with introductions by Richard S. Thorn.
260 0 _aNew York :
_bRandom House,
_c1966 [reprint 1969]
300 _axi, 672 p. :
_bill. ;
_c25 cm.
504 _aIncludes bibliographies.
650 0 _aMoney.
_9173782
650 0 _aMonetary policy.
_9173783
942 _2ddc
_cBK
999 _c58535
_d58535